[Event "ROM-ch U14 Girls"]
[Site "Mamaia"]
[Date "2021.04.13"]
[Round "9"]
[White "Stan, Oana Bianca"]
[Black "Paiovici, Andreea"]
[Result "1/2-1/2"]
[WhiteElo "1214"]
[BlackElo "1145"]
[PlyCount "34"]
[EventDate "2021.04.07"]
[EventType "swiss"]
[EventRounds "9"]
[EventCountry "ROU"]
[SourceTitle "EXT 2022"]
[Source "ChessBase"]
[SourceDate "2021.10.06"]
[SourceVersion "1"]
[SourceVersionDate "2021.10.06"]
[SourceQuality "1"]

1. d4 Nf6 2. c4 g6 3. Nf3 Bg7 4. e3 0-0 5. Bd3 d6 6. 0-0 Nbd7 7. Nbd2 e5 8. Qc2 Ne8 9. d5 f5 10. e4 f4 11. b4 a5 12. b5 g5 13. g3 g4 14. Nh4 f3 15. Re1 Nc5 16. h3 h5 17. Kh2 Kf7 1/2-1/2